Learn to speak English : The complete interaction learning solution for non-English speakers of any language background

Gespeichert in:
Bibliographische Detailangaben
Format: Buch
Sprache:Undetermined
Schlagworte:
Tags: Tag hinzufügen
Keine Tags, Fügen Sie den ersten Tag hinzu!
Thư viện lưu trữ: Trung tâm Học liệu Trường Đại học Cần Thơ
LEADER 00474nam a2200145Ia 4500
001 CTU_118218
008 210402s9999 xx 000 0 und d
082 |a 428 
082 |b L438/CD.3 
245 0 |a Learn to speak English : 
245 4 |b The complete interaction learning solution for non-English speakers of any language background 
650 |a English language 
650 |x Study and teaching 
904 |i M.Loan 
980 |a Trung tâm Học liệu Trường Đại học Cần Thơ